Southville International School and Colleges
Your cart is empty.
  • Cart
  • Lists
    Public lists Eva Luna New books Lux_list list_1
    Your lists Log in to create your own lists
  • Log in to your account
  • Your cookies
  • Search history
Southville International School and Colleges
  • Advanced search
  • Recent comments
  • Most popular
  • Libraries

Log in to your account

Log in with GOOGLE


If you do not have an external account, but do have a local account, you can still log in:

  1. Home
  2. MARC view: Sears and Zemansky's university physics :
Normal view MARC view ISBD view

Sears and Zemansky's university physics : (Record no. 357502)

[ view plain ]
MARC details
000 -LEADER
fixed length control field 00646nam a2200229Ia 4500
008 - FIXED-LENGTH DATA ELEMENTS--GENERAL INFORMATION
fixed length control field 180523s9999 xx 000 0 und d
020 ## - INTERNATIONAL STANDARD BOOK NUMBER
International Standard Book Number 981-247-162-6
050 ## - LIBRARY OF CONGRESS CALL NUMBER
Classification number MAIN QC 21.2
050 ## - LIBRARY OF CONGRESS CALL NUMBER
Item number .Y68 2004 c.1
100 ## - MAIN ENTRY--PERSONAL NAME
Personal name Young, Hugh D.
245 #0 - TITLE STATEMENT
Title Sears and Zemansky's university physics :
245 #0 - TITLE STATEMENT
Remainder of title with modern physics /
245 #0 - TITLE STATEMENT
Statement of responsibility, etc Hugh D. Young, Roger A. Freedman; contributing author A. Lewis Ford.
250 ## - EDITION STATEMENT
Edition statement 11th Edition
260 ## - PUBLICATION, DISTRIBUTION, ETC. (IMPRINT)
Place of publication, distribution, etc Singapore :
260 ## - PUBLICATION, DISTRIBUTION, ETC. (IMPRINT)
Name of publisher, distributor, etc Pearson Education South Asia,
260 ## - PUBLICATION, DISTRIBUTION, ETC. (IMPRINT)
Date of publication, distribution, etc 2004
300 ## - PHYSICAL DESCRIPTION
Extent 1713 pages :
300 ## - PHYSICAL DESCRIPTION
Dimensions 26 cm.
500 ## - GENERAL NOTE
General note Includes index.
650 ## - SUBJECT ADDED ENTRY--TOPICAL TERM
Topical term or geographic name as entry element Physics.
Holdings
Withdrawn status Lost status Damaged status Home library Current library Shelving location Date acquired Total Checkouts Full call number Barcode Date last seen Price effective from Koha item type
      South Mansfield College South Mansfield College   06/20/2006   MAIN QC 21.2 .Y68 2004 c.1 SMC03294 05/23/2018 05/23/2018  

Sears and Zemansky's university physics :

APA

Young H. D., .Sears and Zemansky's university physics. Singapore: .

Chicago

Young Hugh D, .Sears and Zemansky's university physics. Singapore: .

Harvard

Young H. D., .Sears and Zemansky's university physics. Singapore: .

MLA

Young Hugh D, .Singapore: . .

  • Place hold
  • Print
  • Cite
  • Add to your cart (remove)
  • Save record
    BIBTEX Dublin Core MARCXML MARC (non-Unicode/MARC-8) MARC (Unicode/UTF-8) MARC (Unicode/UTF-8, Standard) MODS (XML) RIS
  • More searches
    Search for this title in:
    Other Libraries (WorldCat) Other Databases (Google Scholar) Online Stores (Bookfinder.com) Open Library (openlibrary.org)

Exporting to Dublin Core...

SOUTHVILLE LIBRARY

Southville International School and Colleges Library

1281 Tropical Ave. Cor. Luxembourg St., BF Homes International, Las Pinas City

Tel. No. 8256374 / 252358 Loc. 117/146

Powered by Koha